Текст томруулах:    
Management of hazardous waste (Бичлэгийн дугаар. 145791)
000 -УДИРДЛАГА
Удирдлага 00838nam a22002777a 4500
003 - ХЯНАЛТЫН ТОО ТОДОРХОЙЛОГЧ
Код MN-UlNUM
005 - БИЧИЛТ ХИЙСЭН ОГНОО
Тухайн бичилтийг бичсэн засварласан сүүлийн огноо 20251128100650.0
008 - ЕРӨНХИЙ МЭДЭЭЛЭЛ
Ерөнхий мэдээлэл 251128s1986 pauab||| |||| 00| 0 eng |
020 ## - ISBN
ISBN 0877624534
040 ## - БИЧЛЭГ ҮҮСГЭГЧ БАЙГУУЛЛАГА
Бичлэг үүсгэгч номын сангийн код МУИС-ийн номын сан
084 ## - ББК АНГИЛАЛ
Нэмэлт тусгалт Бусад
ББК ангилал 51.1
Зохиогчийн гурван тэмдэгт J 74
Мэдлэгийн ялгаа 5 - Эрүүлийг хамгаалах анагаах
100 1# - ЗОХИОГЧ
Зохиогчийн нэр Cashman, John R.
245 10 - ҮНДСЭН ГАРЧИГ
Номын нэр Management of hazardous waste
Бага гарчгийн мэдээ treatment, storage, disposal facilities
Оролцогчдын тухай мэдээ John R. Cashman.
260 ## - ГАРАЛТЫН МЭДЭЭ
Хэвлэгдсэн газар Lancaster, Pa., U.S.A. :
Хэвлэлийн газар Technomic Publishing Company
Хэвлэгдсэн он 1986.
300 ## - МАТЕРИАЛЫН ТОДОРХОЙЛОЛТ
хуудасны тоо xiii, 311 p. :
Бусад тоон мэдээлэл ill. ;
Хэмжээ 24 cm.
500 ## - Тайлбар
Дансны дугаар БС 4220
546 ## - ХЭЛНИЙ ТУХАЙ МЭДЭЭ
Хэл Англи хэл дээр,
653 ## - Түлхүүр үг
Түлхүүр үг hazardous wastes
653 ## - Түлхүүр үг
Түлхүүр үг united States.
740 ## - НОМЫН ГАРЧИГ
Гарчиг Managegement of Industrial Wates
740 ## - НОМЫН ГАРЧИГ
Гарчиг Secure Chemical Landfilling
740 ## - НОМЫН ГАРЧИГ
Гарчиг Solvent Recovery and Reuse
740 ## - НОМЫН ГАРЧИГ
Гарчиг Thermal Destruction
942 ## - ЭЛЕМЕНТИЙН ТӨРӨЛ
Зүйлийн төрөл Ном